<?xml version="1.0" encoding="UTF-8"?>
<collection xmlns="http://www.loc.gov/MARC21/slim">
 <record>
  <leader>01218amm a22002778a 4500</leader>
  <controlfield tag="001">00031320</controlfield>
  <controlfield tag="005">20171026081023.0</controlfield>
  <controlfield tag="008">131125s2011                  ||||||engsd</controlfield>
  <datafield tag="041" ind1="0" ind2="#">
   <subfield code="a">eng</subfield>
  </datafield>
  <datafield tag="082" ind1="1" ind2="4">
   <subfield code="a">428</subfield>
   <subfield code="b">D207T</subfield>
  </datafield>
  <datafield tag="100" ind1="1" ind2="#">
   <subfield code="a">Edmunds, Paul</subfield>
  </datafield>
  <datafield tag="245" ind1="1" ind2="0">
   <subfield code="a">Developing skills for the Toeic test</subfield>
   <subfield code="c">Paul Edmunds, Anne Taylor</subfield>
   <subfield code="h"> nguồn liệu điện tử]</subfield>
  </datafield>
  <datafield tag="260" ind1="#" ind2="#">
   <subfield code="b">Trẻ</subfield>
   <subfield code="c">2011</subfield>
   <subfield code="a">TP.HCM</subfield>
  </datafield>
  <datafield tag="300" ind1="#" ind2="#">
   <subfield code="a">3 vol</subfield>
   <subfield code="c">4 3/4 inch</subfield>
   <subfield code="e">sách</subfield>
  </datafield>
  <datafield tag="653" ind1="#" ind2="#">
   <subfield code="a">Bài tập</subfield>
  </datafield>
  <datafield tag="653" ind1="#" ind2="#">
   <subfield code="a">Kỹ năng</subfield>
  </datafield>
  <datafield tag="653" ind1="#" ind2="#">
   <subfield code="a">Đĩa CD</subfield>
  </datafield>
  <datafield tag="653" ind1="#" ind2="#">
   <subfield code="a">Tiếng Anh</subfield>
  </datafield>
  <datafield tag="653" ind1="#" ind2="#">
   <subfield code="a">TOEIC</subfield>
  </datafield>
  <datafield tag="653" ind1="#" ind2="#">
   <subfield code="a">Luyện thi</subfield>
  </datafield>
  <datafield tag="852" ind1="#" ind2="#">
   <subfield code="j">DPT.0001715</subfield>
   <subfield code="j">DPT.0001716</subfield>
   <subfield code="j">DPT.0001718</subfield>
   <subfield code="j">DPT.0001719</subfield>
   <subfield code="j">DPT.0001721</subfield>
   <subfield code="j">DPT.0001722</subfield>
   <subfield code="j">DPT.0001724</subfield>
   <subfield code="j">DPT.0001725</subfield>
   <subfield code="j">DPT.0001727</subfield>
   <subfield code="j">DPT.0001728</subfield>
   <subfield code="j">DPT.0001717</subfield>
   <subfield code="j">DPT.0001720</subfield>
   <subfield code="j">DPT.0001723</subfield>
   <subfield code="j">DPT.0001726</subfield>
   <subfield code="j">DPT.0001714</subfield>
   <subfield code="j">DPT.0004152</subfield>
   <subfield code="j">DPT.0004153</subfield>
   <subfield code="j">DPT.0004154</subfield>
  </datafield>
  <datafield tag="852" ind1="#" ind2="#">
   <subfield code="j">DPT.0001714, DPT.0001715, DPT.0001716, DPT.0001717, DPT.0001718, DPT.0001719, DPT.0001720, DPT.0001721, DPT.0001722, DPT.0001723, DPT.0001724, DPT.0001725, DPT.0001726, DPT.0001727, DPT.0001728</subfield>
   <subfield code="b">Kho đa phương tiện</subfield>
  </datafield>
  <datafield tag="910" ind1=" " ind2=" ">
   <subfield code="d">25/11/2013</subfield>
  </datafield>
  <datafield tag="980" ind1="#" ind2="#">
   <subfield code="a">Trung tâm Học liệu Lê Vũ Hùng, Trường Đại học Đồng Tháp</subfield>
  </datafield>
 </record>
</collection>
